| 000 | 01036nas a2200325 4500 | ||
|---|---|---|---|
| 001 | BR2013000818 | ||
| 003 | BR-BrBNA | ||
| 005 | 20231205121859.0 | ||
| 007 | ta | ||
| 008 | 230509b bl.|||p| |||| 00| 00por d | ||
| 040 |
_aBR-BrBNA _bpor _cBiblioteca Nacional de Agricultura |
||
| 041 | _a(Pt) | ||
| 072 | _aQ04 | ||
| 100 | 1 | _aFerreira, R.M. de A. | |
| 100 | 1 | _aLopes, W. de A.R. | |
| 100 | 1 | _aAroucha, E.M.M. | |
| 100 | 1 | _aMano, N.C.S. | |
| 100 | 1 | _aSousa, C.M.G. de | |
| 245 | 1 | _aCaracterização física e química de híbridos de tomate em diferentes estádios de maturação produzidos em Baraúna, Rio Grande do Norte | |
| 650 | _aTOMATE | ||
| 650 | _aHÍBRIDO | ||
| 650 | _aPROPRIEDADE FÍSICO-QUÍMICA | ||
| 650 | _aMATURAÇÃO | ||
| 650 | _aPROPRIEDADE ORGANOLÉPTICA | ||
| 650 | _aVITAMINA C | ||
| 650 | _aRIO GRANDE DO NORTE | ||
| 773 | 0 |
_tRevista Ceres (Brazil) _xISSN 0034-737X _g(Jul-Aug 2012), v. 59(4) p. 506-511 _wBR2013000818 |
|
| 909 |
_a202311 _bLúcia _c55 _dLúcia Elande |
||
| 942 |
_2AGRIS _n0 _cANA |
||
| 999 |
_c225731 _d225731 |
||